Szczegóły MARC21

Mahomet /

003 -Nazwa inst., której nr kontr. jest w polu 001 [,]
    • @
    • Nazwa instytucji, której n kontrolny jest w polu 001
    • NUKAT
005 -DATA I CZAS OSTATNIEJ MODYFIKACJI [,]
    • @
    • pole kontrolne
    • 20241231105026.0
040 -Instytucja sporządzająca opis [ , ]
    • a
    • Instytucja, która sporządziła opis (NP)
    • WA 51/EP
    • c
    • Instytucja, która sporządziła rekord (NP)
    • WA 51/EP
    • d
    • Instytucja, która zmodyfikowała rekord (P)
    • WA 51/EP
    • d
    • Instytucja, która zmodyfikowała rekord (P)
    • LUBL KUL/MC
    • d
    • Instytucja, która zmodyfikowała rekord (P)
    • LUBL U/ABs
    • d
    • Instytucja, która zmodyfikowała rekord (P)
    • LUBL M/JD
041 -Język dokumentu [1, ]
    • a
    • Język tekstu (P)
    • polski
    • h
    • Język tekstu oryginalnego i/lub pośredniego (P)
    • czeski
942 -Rodzaj dokumentu [ , ]
    • c
    • Rodzaj dokumentu
    • Książka
100 -Hasło główne - nazwa osobowa [1, ]
    • a
    • Nazwa osobowa (NP)
    • Hrbek, Ivan
    • d
    • Daty biograficzne (NP)
    • (1923-1993).
    • 9
    • KHW
    • 519643
245 -Strefa tytułu i oznaczenia odpowiedzialności [1,0]
    • a
    • Tytuł
    • Mahomet / Find
    • c
    • Pozostałe elementy strefy tytułu i oznaczenia odpowiedzialności (NP)
    • I. Hrbek, K. Petráček ; [z czes. przeł. Grzegorz Łatuszyński, Anna Mrozek].
246 -Wariant tytułu [1, ]
    • i
    • Tekst wyświetlany na ekranie monitora (NP)
    • Tyt. oryg.:
    • a
    • Tytuł (NP)
    • Muhammad
260 -Strefa adresu wydawniczego [ , ]
    • a
    • Miejsce wydania (P)
    • Warszawa :
    • b
    • Nazwa wydawcy (P)
    • Państwowe Wydaw. Naukowe,
    • c
    • Data wydania (P)
    • 1971.
300 -Strefa opisu fizycznego [ , ]
    • a
    • Określenie formy książki i/lub objętość (NP)
    • 294, [2] s. :
    • b
    • Oznaczenie ilustracji (NP)
    • il. , err. ;
    • c
    • Format (NP)
    • 20 cm.
336 -Typ zawartości [ , ]
    • a
    • Termin opisujący typ zawartości
    • Tekst
    • b
    • Kod określający zawartość
    • txt
    • 2
    • Źródło (terminu i kodu)
    • rdacontent
337 -Typ mediów [ , ]
    • a
    • Tryb odtwarzania
    • Bez urządzenia pośredniczącego
    • b
    • Kod typu mediów
    • n
    • 2
    • Źródło (terminu i kodu)
    • rdamedia
338 -Typ/rodzaj nośnika [ , ]
    • a
    • Hasło opisujące typ nośnika
    • Wolumin
    • b
    • Kod typu nośnika
    • nc
    • 2
    • Źródło (terminu i kodu)
    • rdacarrier
490 -Strefa serii i książki wielotomowej - forma nie do wyszukiwania [1, ]
    • a
    • Tytuł (P)
    • Biblioteka Problemów ; Find
    • v
    • Numeracja (P)
    • t. 167
830 -Hasło dodatkowe serii i opisu książki wielotomowej - tytuł ujednolicony/tytuł [ ,0]
    • a
    • Tytuł ujednolicony/tytuł (NP)
    • Biblioteka Problemów
    • x
    • ISSN
    • 0137-5032
    • v
    • Oznaczenie tomu (NP)
    • t. 167
    • 9
    • KHW
    • 8273
500 -Uwaga ogólna [ , ]
    • a
    • Uwaga ogólna (NP)
    • Rok wydania 1971 w stopce redakcyjnej.
504 -Uwaga dot. bibliogr. załącznikowej [ , ]
    • a
    • Uwaga dot. bibliografii załącznikowej
    • Indeks.
080 -Uniwersalna Klasyfikacja Dziesiętna [ , ]
    • a
    • Symbol klasyfikacji
    • 297"05/06"
080 -Uniwersalna Klasyfikacja Dziesiętna [ , ]
    • a
    • Symbol klasyfikacji
    • :929Kuhammad ibn Abd Allah"570/632"
600 -Hasło przedmiotowe w formie nazwy osobowej [0,7]
    • a
    • Nazwa osobowa
    • Mahomet
    • c
    • Dopowiedzenie
    • (prorok ;
    • d
    • Daty związane z nazwą
    • około 570-632).
    • 2
    • Źródło terminu
    • kaba
    • 9
    • KHW
    • 245024
650 -Hasło przedmiotowe [ ,7]
    • a
    • Hasło przedmiotowe
    • Arabowie
    • y
    • Określnik chronologiczny
    • do 622.
    • 2
    • Źródło terminu
    • kaba
    • 9
    • KHW
    • 101564
650 -Hasło przedmiotowe [ ,7]
    • a
    • Hasło przedmiotowe
    • Islam
    • x
    • Określnik rzeczowy
    • historia.
    • 2
    • Źródło terminu
    • kaba
    • 9
    • KHW
    • 357452
650 -Hasło przedmiotowe [ ,7]
    • a
    • Hasło przedmiotowe
    • Islam
    • x
    • Określnik rzeczowy
    • doktryny.
    • 2
    • Źródło terminu
    • kaba
    • 9
    • KHW
    • 112444
980 -Symbol UKD [ , ]
    • a
    • UKD
    • 297"05/06":929Kuhammad ibn Abd Allah"570/632"
700 -Hasło dodatkowe - nazwa osobowa [1, ]
    • a
    • Nazwa osobowa (NP)
    • Petráček, Karel Find
    • d
    • Daty biograficzne (NP)
    • (1926-1987).
    • 9
    • KHW
    • 519645
700 -Hasło dodatkowe - nazwa osobowa [1, ]
    • a
    • Nazwa osobowa (NP)
    • Łatuszyński, Grzegorz Find
    • d
    • Daty biograficzne (NP)
    • (1933-2020).
    • e
    • Określenie rodzaju współpracy
    • Tł.
    • 9
    • KHW
    • 37802
700 -Hasło dodatkowe - nazwa osobowa [1, ]
    • a
    • Nazwa osobowa (NP)
    • Mrozek-Dumanowska, Anna. Find
    • e
    • Określenie rodzaju współpracy
    • Tł.
    • 9
    • KHW
    • 519644
Status udost. Numer inwentarzowy Sygnatura Lokalizacja Data inwentaryzacji
-3W.6996 BG2001-08-22
-3W.7451 BG2001-08-22
-3W.7452 BG2001-08-22
-3W.7655 BG2001-08-22
-3W.205297 BG2001-11-23
1Z.3290Z.3290BG2001-08-22
1ANS.101421ANS.101421BNS 
-11H.15142 BNS2006-07-11